01283 a2200181 45000010006000000050017000060080041000230030015000640400040000790800039001192450097001580200022002552640034002773000024003115050557003351000026008928560183009181042220260407155437.0260407a2010 arg spa dAR-UNSa-BCEJYS aAR-UNSa-BCEJYSbspacAR-UNSa-BCEJYS a657.6xAuditoria (control interno)10aLos estándares internacionales de auditoría y su comparación con las normas argentinas a978-987-01-1080-4 1aBuenos Aires :bErreparc2010 axxi, 215 p.c22 cm. a1. Los estándares internacionales de auditoría y su comparación con las normas argentinas de auditoría - 2. Detalle de principales diferencias internormativas - 3. Contabilida y auditoría ambiental. Los aspectos medioambientales en la auditoría de estados financieros (intenational auditing practice statement 1010) - 4. Audtoría de instrumentos finacieros derivados - 5. El informe del auditor sobre el cumplimiento de los estándares internacionales de informaión financiera y las normas contables nacionales - 6. Comentarios finales1 aCasal, Armando Miguel41uhttps://biblioeco.unsa.edu.ar/pmb/images/libros/Los estandares internacionales de auditoria y su comparacion con las normas Argentinas2-l118712.jpgyImagen de portadaqimage/jpeg